[Event "Lasker Memorial A"]
[Site "Barlinek"]
[Date "2006.06.04"]
[Round "2.7"]
[White "Lagowski, Patryk"]
[Black "Korneevets, Alexander"]
[Result "1/2-1/2"]
[WhiteElo "2392"]
[BlackElo "2293"]
[PlyCount "92"]
[EventDate "2006.06.??"]

1. d4 d5 2. c4 c6 3. Nf3 Nf6 4. Nc3 a6 5. c5 g6 6. Bf4 Bg7 7. e3 O-O 8. h3 Nbd7
9. Be2 Ne4 10. O-O f5 11. Na4 Qe8 12. Nb6 Nxb6 13. cxb6 Nf6 14. Bc7 Nd7 15. Qd2
e5 16. dxe5 Nxe5 17. Nd4 Qe7 18. Rac1 Bd7 19. Nb3 Bc8 20. Na5 Nf7 21. Bf3 Ng5
22. Bd1 Ne6 23. Bh2 Qd8 24. Qb4 Rf7 25. Nb3 a5 26. Nxa5 Bf8 27. Qa4 Ra6 28. b4
Rxb6 29. a3 c5 30. Bf3 Ng5 31. Be2 cxb4 32. Qc2 Be6 33. Bc7 Rxc7 34. Qxc7 Qxc7
35. Rxc7 bxa3 36. Rxb7 Rxb7 37. Nxb7 a2 38. Nd8 Bg7 39. h4 a1=Q 40. Rxa1 Bxa1
41. hxg5 Bd7 42. Bf3 d4 43. exd4 Bxd4 44. Bd5+ Kh8 45. Ne6 Bb6 46. g3 Bxe6
1/2-1/2

[Event "Lasker Memorial A"]
[Site "Barlinek"]
[Date "2006.06.04"]
[Round "2.9"]
[White "Czaja, Roman"]
[Black "Tomczak, Jacek"]
[Result "0-1"]
[WhiteElo "2144"]
[BlackElo "2369"]
[PlyCount "92"]
[EventDate "2006.06.??"]

1. d4 d5 2. Nf3 Nf6 3. c4 dxc4 4. Nc3 a6 5. g3 b5 6. Bg2 Bb7 7. O-O e6 8. a4 b4
9. Nb1 a5 10. Qc2 Bd5 11. Nbd2 b3 12. Qb1 Bb7 13. e4 Ba6 14. Rd1 Nc6 15. e5 Nd5
16. Qe4 Ncb4 17. Bf1 Nb6 18. Qf4 Qd7 19. Ne4 N6d5 20. Qg4 Nc2 21. Rb1 Qxa4 22.
Bd2 Qb5 23. Bc3 a4 24. Nc5 h5 25. Qe4 Bxc5 26. dxc5 Qxc5 27. Nd2 Nb6 28. Nf3
Bb5 29. Nd4 Nxd4 30. Bxd4 Qd5 31. Qxd5 Nxd5 32. Rdc1 Kd7 33. Bxc4 Bxc4 34. Rxc4
Rhb8 35. Bc5 Ra6 36. Ra1 Rb5 37. Ba3 Nb6 38. Rf4 Ke8 39. Rc1 Nd5 40. Rh4 g6 41.
g4 Nf4 42. Rxc7 Rxe5 43. Re7+ Kd8 44. Kf1 Rc6 45. Rc7 Ra6 46. Re7 Rc6 0-1

[Event "Lasker Memorial A"]
[Site "Barlinek"]
[Date "2006.06.04"]
[Round "2.11"]
[White "Orzech, Dominik"]
[Black "Krajewicz, Pawel"]
[Result "1-0"]
[WhiteElo "2346"]
[BlackElo "1999"]
[PlyCount "57"]
[EventDate "2006.06.??"]

1. Nf3 Nf6 2. c4 g6 3. Nc3 Bg7 4. g3 O-O 5. Bg2 c5 6. d4 cxd4 7. Nxd4 Nc6 8.
O-O Nxd4 9. Qxd4 d6 10. Qd2 Qc7 11. b3 Bd7 12. Bb2 Bc6 13. e4 Qa5 14. Rad1 Qh5
15. Rfe1 Ng4 16. h3 Ne5 17. Re3 g5 18. Ne2 Bd7 19. g4 Qh4 20. Ng3 Ng6 21. Bxg7
Kxg7 22. e5 Nf4 23. exd6 e6 24. Nh5+ Nxh5 25. gxh5 f5 26. Bxb7 f4 27. Qc3+ Kg8
28. Re5 Qxh5 29. Qf3 1-0

[Event "Lasker Memorial A"]
[Site "Barlinek"]
[Date "2006.06.04"]
[Round "2.12"]
[White "Kolomytchenko, Igor"]
[Black "Koziak, Vitali"]
[Result "0-1"]
[WhiteElo "2079"]
[BlackElo "2462"]
[PlyCount "40"]
[EventDate "2006.06.??"]

1. d4 d5 2. c4 e5 3. dxe5 d4 4. Nf3 Nc6 5. g3 Nge7 6. Bg2 Ng6 7. O-O Ngxe5 8.
Nxe5 Nxe5 9. Qc2 Be7 10. Rd1 O-O 11. c5 d3 12. exd3 Bg4 13. Re1 Nxd3 14. Re3
Nxc5 15. Nc3 c6 16. b3 Bf6 17. Bb2 Bd4 18. Nd1 Ne6 19. Re1 Qf6 20. h4 Bxd1 0-1

[Event "Lasker Memorial A"]
[Site "Barlinek"]
[Date "2006.06.04"]
[Round "2.13"]
[White "Swiercz, Dariusz"]
[Black "Aliavdin, Nikolai"]
[Result "1/2-1/2"]
[WhiteElo "2185"]
[BlackElo "2355"]
[PlyCount "78"]
[EventDate "2006.06.??"]

1. e4 c5 2. Nf3 d6 3. d4 cxd4 4. Nxd4 Nf6 5. Nc3 a6 6. Bg5 e6 7. f4 Qb6 8. Qd2
Nc6 9. O-O-O Nxd4 10. Qxd4 Qxd4 11. Rxd4 Be7 12. Be2 Bd7 13. Rhd1 Bc6 14. Bf3
h6 15. Bxf6 gxf6 16. f5 h5 17. Ne2 Bf8 18. Kb1 e5 19. R4d2 Rd8 20. Nc3 h4 21.
Nd5 Bxd5 22. Rxd5 Ke7 23. R1d3 Bh6 24. a4 Rd7 25. c3 Rc8 26. Kc2 Bf4 27. h3 Bg3
28. b4 Be1 29. Re3 Bf2 30. Red3 Rc6 31. Kb3 Rdc7 32. b5 axb5 33. axb5 Rc4 34.
Rxd6 Bd4 35. Rc6 bxc6 36. Kxc4 cxb5+ 37. Kb4 Rc4+ 38. Kxb5 Rxc3 39. Rxc3 Bxc3
1/2-1/2

[Event "Lasker Memorial A"]
[Site "Barlinek"]
[Date "2006.06.04"]
[Round "2.14"]
[White "Kachur, Alexander"]
[Black "Bylino, Oleg"]
[Result "1-0"]
[WhiteElo "2261"]
[BlackElo "2316"]
[PlyCount "92"]
[EventDate "2006.06.??"]

1. e4 e5 2. Nf3 Nc6 3. Be2 Nf6 4. d3 d5 5. Nbd2 Bc5 6. c3 a5 7. Qc2 O-O 8. h3
Nh5 9. g3 Kh8 10. Nxe5 Nxe5 11. d4 f5 12. Bxh5 fxe4 13. O-O Bb6 14. f4 Bxh3 15.
Re1 Bg4 16. Bxg4 Nxg4 17. Nf1 c5 18. Qe2 Qd7 19. Ne3 Nxe3 20. Bxe3 Qh3 21. Qg2
Qxg2+ 22. Kxg2 c4 23. b3 cxb3 24. axb3 Rfc8 25. Rec1 Rc6 26. c4 Rac8 27. Rcb1
Bd8 28. cxd5 Rc2+ 29. Kf1 b5 30. Rc1 Kg8 31. Rxc2 Rxc2 32. Rc1 Rxc1+ 33. Bxc1
Bb6 34. Bb2 Kf7 35. Ke2 g5 36. fxg5 Kg6 37. Ke3 Kxg5 38. Kxe4 Bc7 39. Bc1+ Kf6
40. g4 Bd6 41. Bd2 a4 42. bxa4 bxa4 43. Kd3 a3 44. Kc2 Kg7 45. Kb3 Kf6 46. Bc1
Bg3 1-0

[Event "Lasker Memorial A"]
[Site "Barlinek"]
[Date "2006.06.04"]
[Round "2.15"]
[White "Szczepinski, Michal"]
[Black "Czaus, Piotr"]
[Result "1-0"]
[WhiteElo "2302"]
[BlackElo "1799"]
[PlyCount "43"]
[EventDate "2006.06.??"]

1. e4 d6 2. d4 Nf6 3. Nc3 g6 4. Bg5 h6 5. Bh4 Bg7 6. f4 O-O 7. Nf3 Bg4 8. h3
Bxf3 9. Qxf3 Nc6 10. O-O-O Nd7 11. e5 a6 12. Qe4 Qc8 13. e6 f5 14. Qf3 Nf6 15.
g4 Nxd4 16. Rxd4 c5 17. Rd1 b5 18. gxf5 b4 19. Bxf6 Bxf6 20. Nd5 Kh7 21. Rg1 g5
22. Qh5 1-0

[Event "Lasker Memorial A"]
[Site "Barlinek"]
[Date "2006.06.04"]
[Round "2.16"]
[White "Goluch, Piotr"]
[Black "Siwiec, Arkadiusz"]
[Result "1-0"]
[WhiteElo "1966"]
[BlackElo "1957"]
[PlyCount "83"]
[EventDate "2006.06.??"]

1. e4 c5 2. Nc3 Nc6 3. f4 g6 4. Nf3 Bg7 5. Bc4 e6 6. O-O Nge7 7. Qe1 O-O 8. d3
Nd4 9. Nxd4 cxd4 10. Ne2 d5 11. Bb3 a5 12. a4 dxe4 13. dxe4 Nc6 14. Bd2 d3 15.
Ng3 dxc2 16. Bxc2 Qb6+ 17. Kh1 Qxb2 18. Rc1 Nb4 19. Bb1 Bd7 20. e5 Bxa4 21. Bc3
Qa3 22. Ne4 Nd5 23. Qh4 Qe7 24. Nf6+ Nxf6 25. exf6 Qd8 26. Rf3 h5 27. Qg5 Re8
28. fxg7 Qxg5 29. fxg5 Bc6 30. Rf2 Bb5 31. Be4 Re7 32. Ra1 a4 33. Rb2 Bc6 34.
Bxc6 bxc6 35. Rxa4 Rd8 36. h4 e5 37. Re4 Rde8 38. Rbe2 Kxg7 39. Rxe5 Rxe5 40.
Rxe5 Rxe5 41. Bxe5+ Kf8 42. Kh2 1-0

[Event "Lasker Memorial A"]
[Site "Barlinek"]
[Date "2006.06.04"]
[Round "2.17"]
[White "Kalinitschew, Sergey"]
[Black "Gorecka, Joanna"]
[Result "1-0"]
[WhiteElo "2516"]
[BlackElo "2082"]
[PlyCount "69"]
[EventDate "2006.06.??"]

1. Nf3 Nf6 2. g3 g6 3. b4 Bg7 4. Bb2 d5 5. Bg2 O-O 6. O-O c6 7. a4 Nbd7 8. Na3
Re8 9. c4 e5 10. d3 Qc7 11. cxd5 Nxd5 12. Qb3 a5 13. bxa5 Qxa5 14. Nc4 Qc7 15.
e4 N5b6 16. Nxb6 Qxb6 17. Qxb6 Nxb6 18. a5 Nd7 19. Rfc1 Bf8 20. a6 Nc5 21. axb7
Bxb7 22. Rxa8 Bxa8 23. Nxe5 f6 24. Ng4 Nxd3 25. Nxf6+ Kf7 26. Nxe8 Nxc1 27.
Bxc1 Kxe8 28. e5 Bc5 29. Bb2 Bb7 30. Be4 Kd7 31. Kg2 Ba6 32. f4 Bc4 33. g4 Bd5
34. Kf3 h6 35. f5 1-0

[Event "Lasker Memorial A"]
[Site "Barlinek"]
[Date "2006.06.04"]
[Round "2.19"]
[White "Strzemiecki, Zbigniew"]
[Black "Kopinski, Tomasz"]
[Result "1/2-1/2"]
[WhiteElo "2332"]
[BlackElo "2069"]
[PlyCount "46"]
[EventDate "2006.06.??"]

1. e4 c5 2. Nf3 d6 3. d4 cxd4 4. Nxd4 Nf6 5. Nc3 g6 6. f3 Bg7 7. Be3 Nc6 8. Qd2
h5 9. O-O-O Bd7 10. Bc4 Rc8 11. Bb3 Ne5 12. h3 Nc4 13. Bxc4 Rxc4 14. g4 h4 15.
Qd3 Rc8 16. f4 O-O 17. f5 b5 18. g5 Nh5 19. Rhf1 Rxc3 20. bxc3 Qa5 21. Kd2 Rc8
22. Rf3 Ng3 23. Rf4 d5 1/2-1/2

[Event "Lasker Memorial A"]
[Site "Barlinek"]
[Date "2006.06.04"]
[Round "2.20"]
[White "Kukla, Maciej"]
[Black "Vogel, Jaap"]
[Result "1/2-1/2"]
[WhiteElo "2026"]
[BlackElo "2256"]
[PlyCount "46"]
[EventDate "2006.06.??"]

1. e4 e6 2. d4 d5 3. Nd2 Nf6 4. e5 Nfd7 5. c3 c5 6. f4 Nc6 7. Ndf3 f5 8. Bd3
Be7 9. Ne2 cxd4 10. cxd4 Nf8 11. a3 a5 12. b3 Bd7 13. Nc3 Rc8 14. Bb2 Ng6 15.
g3 O-O 16. Rc1 Na7 17. O-O b5 18. Ne2 Qb6 19. Qd2 b4 20. a4 Nh8 21. Kh1 Nf7 22.
h3 Nh6 23. Rg1 Rxc1 1/2-1/2

[Event "Lasker Memorial A"]
[Site "Barlinek"]
[Date "2006.06.04"]
[Round "2.21"]
[White "Mouiwid, Jury"]
[Black "Wielosz, Jaroslaw"]
[Result "0-1"]
[WhiteElo "2239"]
[BlackElo "2023"]
[PlyCount "96"]
[EventDate "2006.06.??"]

1. d4 Nf6 2. c4 e6 3. Nc3 Bb4 4. Qc2 c5 5. a3 Qa5 6. e3 Nc6 7. Nge2 cxd4 8.
exd4 d5 9. Rb1 Bxc3+ 10. bxc3 dxc4 11. a4 O-O 12. Rb5 Qc7 13. Bf4 Qd7 14. g3 a6
15. Rb1 Qd5 16. Rg1 e5 17. Bg2 e4 18. h3 b5 19. Be3 Bf5 20. g4 Bg6 21. Nf4 Qd7
22. g5 Nd5 23. Nxd5 Qxd5 24. h4 Rfe8 25. Kf1 Rab8 26. axb5 Rxb5 27. Rxb5 Qxb5
28. Ke2 Na5 29. Ra1 Nb3 30. Ra3 a5 31. Kf1 Qf5 32. Qe2 Qe6 33. Ra4 Rc8 34. Kg1
Qc6 35. Qa2 Bf5 36. Bf1 Be6 37. Be2 f6 38. Qa3 f5 39. Bf4 Bd5 40. h5 Qe6 41.
Kh2 e3 42. f3 Qc6 43. Kg3 Nd2 44. Rxa5 Bxf3 45. d5 Bxd5 46. Bxe3 Bh1 47. Rc5
Qg2+ 48. Kf4 Qe4+ 0-1

[Event "Lasker Memorial A"]
[Site "Barlinek"]
[Date "2006.06.04"]
[Round "2.22"]
[White "Khamitskiy, Sergei"]
[Black "Puczylowski, Marcin"]
[Result "1-0"]
[WhiteElo "2201"]
[BlackElo "1912"]
[PlyCount "99"]
[EventDate "2006.06.??"]

1. d4 Nf6 2. c4 d6 3. Nf3 g6 4. Nc3 Bg7 5. h3 O-O 6. e4 e5 7. d5 Nbd7 8. Bg5 h6
9. Be3 Nc5 10. Nd2 a5 11. Be2 Nfd7 12. g4 f5 13. exf5 gxf5 14. gxf5 Nf6 15. Rg1
Kh8 16. Nf3 Nfe4 17. Nxe4 Nxe4 18. Qc1 Bxf5 19. Bxh6 Rg8 20. Bxg7+ Rxg7 21.
Rxg7 Kxg7 22. Qe3 Qf6 23. O-O-O Kf7 24. Rg1 Rh8 25. h4 b6 26. b3 Nc5 27. Rg5
Be4 28. h5 Bxf3 29. Qxf3 Nd3+ 30. Kd2 Qxf3 31. Bxf3 Nxf2 32. Bg2 Kf6 33. Rg3
Rxh5 34. Ke3 Rf5 35. Rg8 Nd1+ 36. Kd2 Nf2 37. Ke2 Kf7 38. Rc8 Ng4 39. Rxc7+ Kf6
40. Bh3 Rf2+ 41. Ke1 Rf4 42. Rd7 e4 43. Rxd6+ Ke5 44. Re6+ Kd4 45. d6 Ne5 46.
d7 Nd3+ 47. Kd1 Rf2 48. d8=Q+ Ke3 49. Qxb6+ Kf3 50. Rf6+ 1-0

[Event "Lasker Memorial A"]
[Site "Barlinek"]
[Date "2006.06.04"]
[Round "2.23"]
[White "Tokarski, Bartlomiej"]
[Black "Szwed, Jacek"]
[Result "0-1"]
[WhiteElo "2004"]
[BlackElo "2192"]
[PlyCount "114"]
[EventDate "2006.06.??"]

1. e4 e6 2. d4 d5 3. Nc3 Bb4 4. e5 b6 5. a3 Bf8 6. f4 h5 7. Nf3 Nh6 8. Be3 Qd7
9. Be2 Ba6 10. Bxa6 Nxa6 11. Qd3 Nb8 12. O-O c5 13. b3 cxd4 14. Nxd4 Nc6 15.
Nce2 Nxd4 16. Nxd4 Bc5 17. Nf3 Qc6 18. Rfc1 Nf5 19. Bxc5 Qxc5+ 20. Kh1 h4 21.
h3 Qf2 22. Qd2 Ng3+ 23. Kh2 Ne2 24. Kh1 Rc8 25. c3 Ng3+ 26. Kh2 Qxd2 27. Nxd2
Ne2 28. Rc2 Nxf4 29. Nf3 Ke7 30. Rf1 Ng6 31. Re1 Rc5 32. Re3 Rhc8 33. Nd4 Rh8
34. Rce2 Rh5 35. Re1 Rg5 36. R1e2 a6 37. Kh1 Ke8 38. Kh2 Ne7 39. Nf3 Rh5 40.
Nd2 Nf5 41. Rd3 Ke7 42. Re1 b5 43. Re2 Rh8 44. Nf3 Rhc8 45. Rc2 Kf8 46. Kg1 Kg8
47. Kh2 Kh7 48. Kh1 Kh6 49. Kh2 g5 50. Kg1 Kg6 51. Kh2 Ng3 52. Nd4 Ne4 53. Ne2
R8c7 54. Rf3 a5 55. b4 axb4 56. axb4 Rc4 57. Nd4 Rxd4 0-1

[Event "Lasker Memorial A"]
[Site "Barlinek"]
[Date "2006.06.04"]
[Round "2.24"]
[White "Klim, Kamil"]
[Black "Lubienski, Tadeusz"]
[Result "0-1"]
[WhiteElo "1940"]
[BlackElo "2166"]
[PlyCount "70"]
[EventDate "2006.06.??"]

1. d4 Nf6 2. c4 e6 3. Nc3 Bb4 4. Qc2 c5 5. dxc5 Bxc5 6. e3 Nc6 7. Nf3 b6 8. Be2
Bb7 9. a3 O-O 10. O-O Be7 11. Rd1 Qc7 12. h3 Rac8 13. b3 a6 14. Bd2 Ne5 15.
Nxe5 Qxe5 16. f4 Qb8 17. e4 d5 18. e5 Ne4 19. Nxe4 dxe4 20. b4 f5 21. Qb2 Qc7
22. Be3 g5 23. Bf1 gxf4 24. Bxf4 Rf7 25. Qf2 Bc6 26. Qe3 Rg7 27. Rd2 Kh8 28.
Kh2 Bg5 29. Rd6 Bxf4+ 30. Qxf4 Rg6 31. Rad1 Rcg8 32. R1d2 b5 33. cxb5 Bxb5 34.
Bxb5 axb5 35. Rd7 Qxd7 0-1

[Event "Lasker Memorial A"]
[Site "Barlinek"]
[Date "2006.06.04"]
[Round "2.25"]
[White "Kielbratowski, Aleksander"]
[Black "Baumann, Dariusz"]
[Result "1-0"]
[WhiteElo "2153"]
[BlackElo "1892"]
[PlyCount "97"]
[EventDate "2006.06.??"]

1. e4 c5 2. d4 cxd4 3. c3 d3 4. Bxd3 d6 5. c4 Nf6 6. Nc3 e6 7. Be3 Be7 8. f3
Nc6 9. Rc1 O-O 10. Nh3 b6 11. Nf4 Bb7 12. O-O Rc8 13. b3 Re8 14. Qd2 Bf8 15.
Rfd1 Qe7 16. Bb1 Rcd8 17. Nd3 d5 18. e5 Nd7 19. Bg5 f6 20. exf6 gxf6 21. cxd5
fxg5 22. dxc6 Bxc6 23. Qe3 Qg7 24. Ne2 Bd5 25. Rc7 a5 26. Kh1 Bd6 27. Rcc1 Rf8
28. Nd4 Qh6 29. h3 e5 30. Nb5 Bxf3 31. Rd2 Ba8 32. Nxd6 Qxd6 33. Nf2 Qf6 34.
Ng4 Qf4 35. Qd3 e4 36. Qc4+ Kh8 37. Qc3+ Ne5 38. Rxd8 Rxd8 39. Nxe5 Kg8 40. Ng4
Kf7 41. Ne3 Kg6 42. Rf1 Qd6 43. Ng4 Qd4 44. Qg3 Rd6 45. Ne5+ Kg7 46. Qxg5+ Rg6
47. Qe7+ Kh6 48. Qh4+ Kg7 49. Rf7+ 1-0

[Event "Lasker Memorial A"]
[Site "Barlinek"]
[Date "2006.06.04"]
[Round "2.26"]
[White "Dragun, Kamil"]
[Black "Tokarski, Lukasz"]
[Result "0-1"]
[WhiteElo "1893"]
[BlackElo "2152"]
[PlyCount "102"]
[EventDate "2006.06.??"]

1. e4 c5 2. Nf3 d6 3. d4 cxd4 4. Nxd4 Nf6 5. Nc3 a6 6. Be3 e6 7. f3 Nbd7 8. Bc4
Qc7 9. Bb3 b5 10. O-O Nc5 11. Qe1 Be7 12. Qg3 O-O 13. Rad1 Bd7 14. Nde2 a5 15.
a3 b4 16. axb4 axb4 17. Nb1 Na4 18. Bh6 Ne8 19. Bc1 Bf6 20. Nd2 Bb5 21. Rfe1
Nxb2 22. Bxb2 Bxb2 23. f4 Nf6 24. Rb1 Bc3 25. Nxc3 bxc3 26. Nf3 Bc6 27. Ng5 h6
28. e5 dxe5 29. fxe5 hxg5 30. exf6 Qxg3 31. hxg3 gxf6 32. Re3 Rac8 33. Rxc3
Rfd8 34. Re1 Kg7 35. Re2 f5 36. Kf2 Be4 37. Rxc8 Rxc8 38. g4 Kf6 39. gxf5 Kxf5
40. Ke3 Ke5 41. Rd2 Rc3+ 42. Kf2 Kf4 43. Re2 Bc6 44. Rd2 g4 45. Rd4+ Be4 46.
g3+ Ke5 47. Rd7 f5 48. Re7 Rf3+ 49. Ke2 Bd5 50. Bxd5 Kxd5 51. c4+ Kd6 0-1

[Event "Lasker Memorial A"]
[Site "Barlinek"]
[Date "2006.06.04"]
[Round "2.27"]
[White "Kowalska, Sara"]
[Black "Budrewicz, Krzysztof"]
[Result "0-1"]
[WhiteElo "1833"]
[BlackElo "2142"]
[PlyCount "72"]
[EventDate "2006.06.??"]

1. d4 Nf6 2. c4 g6 3. Nc3 Bg7 4. e4 d6 5. f3 O-O 6. Bg5 Nc6 7. d5 Ne5 8. f4
Ned7 9. Nf3 h6 10. Bh4 Nc5 11. e5 Nh5 12. Qd2 Bg4 13. Qe3 Bxf3 14. gxf3 Qd7 15.
O-O-O Qf5 16. Bg3 a5 17. Ne4 Na6 18. Bd3 Qd7 19. Kb1 Nb4 20. a3 Nxd3 21. Qxd3
a4 22. c5 Ra5 23. Qc4 b6 24. c6 Qf5 25. Qc1 Rd8 26. Ka2 dxe5 27. fxe5 Raxd5 28.
Rxd5 Rxd5 29. Nc3 Rc5 30. f4 Rxc6 31. Qe3 Rc4 32. Rd1 Nxf4 33. Bxf4 Qxf4 34.
Qxf4 Rxf4 35. Nd5 Rf2 36. Nxe7+ Kh7 0-1

[Event "Lasker Memorial A"]
[Site "Barlinek"]
[Date "2006.06.05"]
[Round "3.1"]
[White "Czerwonski, Aleksander"]
[Black "Shishkin, Vadim"]
[Result "1/2-1/2"]
[WhiteElo "2358"]
[BlackElo "2541"]
[PlyCount "117"]
[EventDate "2006.06.??"]

1. d4 Nf6 2. c4 g6 3. Nc3 d5 4. Nf3 Bg7 5. Bg5 Ne4 6. cxd5 Nxg5 7. Nxg5 e6 8.
Nf3 exd5 9. e3 a5 10. Be2 O-O 11. O-O Re8 12. a3 c6 13. b4 b5 14. Ne1 Bf5 15.
Bd3 Be6 16. Nc2 a4 17. Qd2 Nd7 18. f4 Nb6 19. f5 gxf5 20. Bxf5 Nc4 21. Qd3 Bxf5
22. Rxf5 Nd6 23. Rf3 Re6 24. Raf1 Qe7 25. Ne2 Bh6 26. Ng3 Re8 27. Nh5 f5 28.
Ng3 Bxe3+ 29. Nxe3 Rxe3 30. Nxf5 Nxf5 31. Qxf5 Rxf3 32. Rxf3 Qe1+ 33. Rf1 Qe3+
34. Kh1 Qe6 35. Qf4 Kh8 36. h3 Qg6 37. Rf3 Qe6 38. Kh2 Qg6 39. Qc7 Qe6 40. Qf4
Qg6 41. Rg3 Qe6 42. Qg5 Qf7 43. h4 Qe7 44. Qg4 Rf8 45. Kh3 Re8 46. Rf3 Qg7 47.
Qf4 Qg6 48. g4 Qe4 49. Qf6+ Kg8 50. h5 h6 51. Qf7+ Kh8 52. Qf6+ Kg8 53. Kh2 Qe6
54. Qf4 Qe7 55. Kg2 Qe2+ 56. Kh3 Qe6 57. Qf6 Qe4 58. Qf4 Qe6 59. Kg2 1/2-1/2

[Event "Lasker Memorial A"]
[Site "Barlinek"]
[Date "2006.06.05"]
[Round "3.2"]
[White "Orzech, Dominik"]
[Black "Urban, Klaudiusz"]
[Result "0-1"]
[WhiteElo "2346"]
[BlackElo "2457"]
[PlyCount "66"]
[EventDate "2006.06.??"]

1. d4 Nf6 2. Nf3 d6 3. c4 Nbd7 4. Nc3 c6 5. e4 e5 6. Be2 Be7 7. O-O a6 8. Rb1
O-O 9. b4 Qc7 10. Qc2 Re8 11. Be3 Ng4 12. Bd2 d5 13. dxe5 Ndxe5 14. Nxe5 Qxe5
15. Bxg4 Bxg4 16. cxd5 Bd6 17. g3 Qh5 18. f4 cxd5 19. Nxd5 Rac8 20. Bc3 Bb8 21.
Kg2 Bh3+ 22. Kh1 Bxf1 23. Rxf1 Rc4 24. e5 Qg6 25. Qg2 Qd3 26. Qf3 Qxf3+ 27.
Rxf3 Rd8 28. Rd3 Kf8 29. Kg2 Ba7 30. Bd2 Rd4 31. Rxd4 Bxd4 32. Ne3 Bxe5 33. Nc4
Rd4 0-1

[Event "Lasker Memorial A"]
[Site "Barlinek"]
[Date "2006.06.05"]
[Round "3.3"]
[White "Tomczak, Jacek"]
[Black "Bronowicki, Mateusz"]
[Result "1-0"]
[WhiteElo "2369"]
[BlackElo "2278"]
[PlyCount "65"]
[EventDate "2006.06.??"]

1. e4 e6 2. d4 d5 3. Nc3 Nf6 4. e5 Nfd7 5. f4 c5 6. Nf3 Nc6 7. Be3 cxd4 8. Nxd4
Bc5 9. Qd2 Nxd4 10. Bxd4 Bxd4 11. Qxd4 Qb6 12. Qxb6 Nxb6 13. a4 Bd7 14. a5 d4
15. axb6 dxc3 16. b4 a6 17. b5 Rb8 18. bxa6 bxa6 19. Rxa6 Bc8 20. Ra3 Rxb6 21.
Rxc3 Bb7 22. Kf2 O-O 23. Bd3 f6 24. Kg3 Bd5 25. Rc7 Rb4 26. Ra1 fxe5 27. Raa7
exf4+ 28. Kf2 Rfb8 29. Rxg7+ Kf8 30. Raf7+ Ke8 31. Re7+ Kd8 32. Rd7+ Ke8 33.
Rxh7 1-0

[Event "Lasker Memorial A"]
[Site "Barlinek"]
[Date "2006.06.05"]
[Round "3.6"]
[White "Rutkowski, Maciej"]
[Black "Grabarczyk, Miroslaw"]
[Result "1/2-1/2"]
[WhiteElo "2298"]
[BlackElo "2469"]
[PlyCount "110"]
[EventDate "2006.06.??"]

1. e4 e5 2. Nf3 Nc6 3. Bb5 a6 4. Ba4 Nf6 5. O-O b5 6. Bb3 Be7 7. d4 d6 8. dxe5
Nxe5 9. Nxe5 dxe5 10. Qxd8+ Bxd8 11. a4 Bb7 12. axb5 axb5 13. Rxa8 Bxa8 14. f3
c5 15. c4 b4 16. Ba4+ Ke7 17. Be3 Bb6 18. Nd2 Rc8 19. Nb3 Ne8 20. Nc1 Nd6 21.
b3 f5 22. Nd3 fxe4 23. Nxe5 Rc7 24. fxe4 Bxe4 25. Bf4 Ke6 26. Re1 Kf5 27. Bg3
Re7 28. Bd7+ Kf6 29. Ng4+ Kg5 30. h4+ Kh5 31. Ne5 Bf5 32. Bc6 Bg4 33. Rf1 Be2
34. Rf2 Bd1 35. Nd7 Bc7 36. Rd2 Bxb3 37. Rd5+ Kg6 38. Bxd6 Bxd6 39. Rxd6+ Kh5
40. Rd5+ Kxh4 41. Nxc5 Bc2 42. Ba4 Kg3 43. Kf1 Rf7+ 44. Ke2 Re7+ 45. Kd2 Bxa4
46. Nxa4 Kxg2 47. c5 Kf3 48. c6 Rc7 49. Rc5 h5 50. Nb6 h4 51. Nd5 Rc8 52. Ne7
Rc7 53. Nd5 Rc8 54. Ne7 Rc7 55. Nd5 Rc8 1/2-1/2

[Event "Lasker Memorial A"]
[Site "Barlinek"]
[Date "2006.06.05"]
[Round "3.9"]
[White "Korneevets, Alexander"]
[Black "Owczarzak, Jerzy"]
[Result "1/2-1/2"]
[WhiteElo "2293"]
[BlackElo "2380"]
[PlyCount "77"]
[EventDate "2006.06.??"]

1. d4 d5 2. Nf3 Nf6 3. e3 g6 4. c4 Bg7 5. Nc3 c5 6. dxc5 Qa5 7. Bd2 dxc4 8.
Bxc4 Qxc5 9. Qe2 Bg4 10. Rc1 Bxf3 11. gxf3 Nc6 12. O-O O-O 13. Rfd1 Rfd8 14.
Ne4 Qh5 15. Nxf6+ Bxf6 16. f4 Qh3 17. b4 e6 18. Be1 Ne7 19. Rxd8+ Rxd8 20. Qf1
Qxf1+ 21. Bxf1 Rc8 22. Rxc8+ Nxc8 23. Bg2 b6 24. Kf1 Kf8 25. Ke2 Ke7 26. Kd3
Kd7 27. b5 Ne7 28. a4 Bh4 29. Kc4 f5 30. Kd4 Bf6+ 31. Kc4 Bh4 32. Bf3 Kc7 33.
Kd4 Bf6+ 34. Kc4 Bh4 35. Bg2 Kd6 36. Bb4+ Kd7 37. Be1 Kd6 38. Bb4+ Kd7 39. Be1
1/2-1/2

[Event "Lasker Memorial A"]
[Site "Barlinek"]
[Date "2006.06.05"]
[Round "3.10"]
[White "Szymczak, Zbigniew"]
[Black "Liwak, Przemyslaw"]
[Result "1/2-1/2"]
[WhiteElo "2276"]
[BlackElo "2340"]
[PlyCount "45"]
[EventDate "2006.06.??"]

1. e4 e5 2. Nf3 Nc6 3. Bb5 a6 4. Ba4 Nf6 5. O-O b5 6. Bb3 Be7 7. d4 d6 8. c3
O-O 9. h3 exd4 10. cxd4 d5 11. e5 Ne4 12. Nc3 Nxc3 13. bxc3 Bf5 14. a4 Qd7 15.
Ba3 b4 16. cxb4 Nxb4 17. Bxb4 Bxb4 18. Bc2 Be4 19. Ng5 h6 20. Nxe4 dxe4 21.
Bxe4 Rad8 22. Rc1 Qxd4 23. Qxd4 1/2-1/2

[Event "Lasker Memorial A"]
[Site "Barlinek"]
[Date "2006.06.05"]
[Round "3.11"]
[White "Szwed, Jacek"]
[Black "Kalinitschew, Sergey"]
[Result "0-1"]
[WhiteElo "2192"]
[BlackElo "2516"]
[PlyCount "66"]
[EventDate "2006.06.??"]

1. d4 e6 2. e4 d5 3. Nd2 c5 4. exd5 exd5 5. Ngf3 Nc6 6. Bb5 cxd4 7. O-O Nf6 8.
Re1+ Be7 9. Qe2 Bd7 10. b3 Kf8 11. Bb2 Bd6 12. Nxd4 Qc7 13. Bxc6 bxc6 14. h3 h5
15. Qf3 Qc8 16. Nb5 cxb5 17. Bxf6 Rh6 18. Bg5 Rg6 19. Qxh5 Kg8 20. Nf3 Qxc2 21.
Be7 Bf4 22. Ne5 Bxe5 23. Rxe5 Qc3 24. Rae1 d4 25. Kh2 Re8 26. Qf3 Bc6 27. Qxc3
Rxg2+ 28. Kh1 dxc3 29. Rc5 Ba8 30. Rxc3 Rg3+ 31. f3 Bxf3+ 32. Kh2 Rg2+ 33. Kh1
Re2+ 0-1

[Event "Lasker Memorial A"]
[Site "Barlinek"]
[Date "2006.06.05"]
[Round "3.12"]
[White "Szoen, Dariusz"]
[Black "Swiercz, Dariusz"]
[Result "0-1"]
[WhiteElo "2440"]
[BlackElo "2185"]
[PlyCount "121"]
[EventDate "2006.06.??"]

1. e4 c5 2. Nf3 d6 3. d4 cxd4 4. Nxd4 Nf6 5. Nc3 a6 6. Be2 e5 7. Nb3 Be7 8. O-O
O-O 9. Kh1 Be6 10. f4 exf4 11. Bxf4 Nc6 12. Nd4 Ne5 13. Qe1 Qb6 14. Nxe6 fxe6
15. Qg3 Rae8 16. Rad1 Nfd7 17. b3 Bf6 18. Bh5 g6 19. Bh6 Bg7 20. Bxg7 Kxg7 21.
Bf3 Qc7 22. Ne2 Rf6 23. c4 Ref8 24. Nd4 Nc5 25. Rfe1 Qb6 26. Re3 Qa5 27. h3 b5
28. cxb5 axb5 29. a3 Qb6 30. Qe1 Rb8 31. Qb4 Na6 32. Qd2 Nc5 33. Rc1 Nxf3 34.
Nxf3 e5 35. Qd5 Rbf8 36. Re2 b4 37. a4 Qa6 38. Re3 Qb6 39. Ree1 Ne6 40. Qd2 Nf4
41. Qe3 Qb7 42. Rf1 Qd7 43. Kh2 h6 44. Rc4 g5 45. Qb6 R8f7 46. Qc6 Qa7 47. Rxb4
Qe3 48. Qb6 Qe2 49. Rf2 Qd1 50. Qe3 Qb1 51. Rc4 Nd3 52. Nd2 Qe1 53. Re2 Qd1 54.
Qxd3 Rf1 55. Qe3 Rh1+ 56. Kg3 Rf4 57. Rc7+ Kg6 58. Nf3 h5 59. Re1 Rxf3+ 60.
Qxf3 Qxe1+ 61. Qf2 0-1

[Event "Lasker Memorial A"]
[Site "Barlinek"]
[Date "2006.06.05"]
[Round "3.13"]
[White "Bulski, Krzysztof"]
[Black "Lubienski, Tadeusz"]
[Result "1-0"]
[WhiteElo "2389"]
[BlackElo "2166"]
[PlyCount "101"]
[EventDate "2006.06.??"]

1. e4 e6 2. d3 d5 3. Qe2 b6 4. exd5 Qxd5 5. Nc3 Bb4 6. Bd2 Bxc3 7. Bxc3 Nf6 8.
Qe3 Qd8 9. Qf3 c6 10. Qg3 O-O 11. Nf3 Ne8 12. d4 Ba6 13. O-O-O Bxf1 14. Rhxf1
a5 15. Bd2 Qd5 16. Kb1 Nd7 17. Rfe1 Kh8 18. Bc1 Nef6 19. Rd3 Ne4 20. Qh4 f5 21.
Ne5 Nxe5 22. dxe5 Qc4 23. Rh3 Kg8 24. f3 Nc3+ 25. bxc3 Qxh4 26. Rxh4 Rfd8 27.
Rd4 Rd5 28. Rxd5 cxd5 29. a4 Rc8 30. Kb2 Rc4 31. Kb3 Kf7 32. Be3 Rc6 33. Bd4 g5
34. Ka3 h5 35. Rb1 Rc8 36. Rxb6 Re8 37. Rb5 Ra8 38. Bb6 Rc8 39. Kb3 h4 40. Rxa5
Rc4 41. Bd4 Rc8 42. Ra7+ Kg6 43. Re7 Rc6 44. Kb4 g4 45. f4 h3 46. g3 Kh5 47. a5
Ra6 48. Kb5 Ra8 49. a6 Rb8+ 50. Rb7 Rc8 51. a7 1-0